000 00417nam a22001817a 4500
999 _c11074
_d11074
003 OSt
008 220127b ||||| |||| 00| 0 eng d
020 _a9789350140321
082 _a004.6 SHC
100 _aSHARMA,Sanjay
245 _aCourse in Computer Networks
250 _a3rd Ed.
260 _aNew Delhi
_bKatson
_c2019
300 _a742
650 _aECE
700 _aSHARMA,Deeksha Ed.
942 _2ddc
_cBK